[Event "DEM U18 2023"]
[Site "Willingen GER"]
[Date "2023.06.03"]
[Round "9"]
[White "Evering, Sören"]
[Black "May, Ben-Iven"]
[Result "1/2-1/2"]
[Termination "normal"]
[Board "13"]
[WhiteElo "2061"]
[BlackElo "1940"]
[WhiteClock "00:04:43"]
[BlackClock "00:07:10"]
[PlyCount "112"]
[WhiteFideId "12974650"]
[BlackFideId "16229673"]
[EventCountry "GER"]
[EventRounds "9"]
[EventType "swiss"]
[EventDate "2023.05.27"]

1. e4 {[%emt 0:00:04]} e5 {[%emt 0:00:04]} 2. Nf3 {[%emt 0:00:05]} Nc6 {[%emt
0:00:04]} 3. Bb5 {[%emt 0:00:05]} a6 {[%emt 0:00:11]} 4. Ba4 {[%emt 0:00:07]}
Be7 {[%emt 0:00:36]} 5. O-O {[%emt 0:01:02]} Nf6 {[%emt 0:00:13]} 6. Re1 {[%emt
0:03:11]} b5 {[%emt 0:00:36]} 7. Bb3 {[%emt 0:00:04]} O-O {[%emt 0:00:39]} 8.
c3 {[%emt 0:00:48]} Na5 {[%emt 0:06:08]} 9. Nxe5 {[%emt 0:04:42]} Nxb3 {[%emt
0:00:28]} 10. Qxb3 {[%emt 0:11:20]} Bb7 {[%emt 0:00:04]} 11. d3 {[%emt
0:01:43]} d5 {[%emt 0:00:03]} 12. exd5 {[%emt 0:01:00]} Qxd5 {[%emt 0:00:06]}
13. Qxd5 {[%emt 0:00:36]} Nxd5 {[%emt 0:00:30]} 14. Nd2 {[%emt 0:08:14]} Rfe8
{[%emt 0:04:10]} 15. Nb3 {[%emt 0:11:20]} Bd6 {[%emt 0:03:24]} 16. Nf3 {[%emt
0:10:34]} Rxe1+ {[%emt 0:07:10]} 17. Nxe1 {[%emt 0:00:10]} Re8 {[%emt 0:07:42]}
18. Bd2 {[%emt 0:12:45]} Nb6 {[%emt 0:00:27]} 19. Be3 {[%emt 0:05:53]} Na4
{[%emt 0:03:06]} 20. Rb1 {[%emt 0:00:03]} Bd5 {[%emt 0:02:49]} 21. Nf3 {[%emt
0:08:49]} f5 {[%emt 0:08:51]} 22. Nc1 {[%emt 0:06:53]} c5 {[%emt 0:09:25]} 23.
Bd2 {[%emt 0:00:56]} c4 {[%emt 0:16:53]} 24. b3 {[%emt 0:00:46]} Nc5 {[%emt
0:00:11]} 25. bxc4 {[%emt 0:03:27]} bxc4 {[%emt 0:00:01]} 26. dxc4 {[%emt
0:00:25]} Bxc4 {[%emt 0:00:16]} 27. Nb3 {[%emt 0:02:54]} Ne4 {[%emt 0:12:41]}
28. Nfd4 {[%emt 0:01:48]} Rb8 {[%emt 0:05:17]} 29. Rd1 {[%emt 0:02:03]} g6
{[%emt 0:01:03]} 30. f3 {[%emt 0:00:23]} Nc5 {[%emt 0:03:16]} 31. Nxc5 {[%emt
0:01:19]} Bxc5 {[%emt 0:00:01]} 32. a4 {[%emt 0:00:47]} Rb2 {[%emt 0:00:28]}
33. Be3 {[%emt 0:01:08]} Bf8 {[%emt 0:07:43]} 34. Rd2 {[%emt 0:00:51]} Rb1+
{[%emt 0:00:19]} 35. Kf2 {[%emt 0:00:01]} Bd6 {[%emt 0:00:47]} 36. Ne2 {[%emt
0:00:13]} Be5 {[%emt 0:00:24]} 37. f4 {[%emt 0:00:54]} Bf6 {[%emt 0:00:45]} 38.
Bd4 {[%emt 0:00:45]} Be7 {[%emt 0:00:12]} 39. Be5 {[%emt 0:00:32]} Ra1 {[%emt
0:00:15]} 40. Rb2 {[%emt 0:00:59]} Rxa4 {[%emt 0:00:53]} 41. Ke3 {[%emt
0:05:17]} Ra2 {[%emt 0:19:20]} 42. Rxa2 {[%emt 0:08:10]} Bxa2 {[%emt 0:00:21]}
43. Bc7 {[%emt 0:03:44]} Bd5 {[%emt 0:02:46]} 44. g3 {[%emt 0:00:38]} Kf7
{[%emt 0:00:11]} 45. Bb6 {[%emt 0:04:42]} Ke6 {[%emt 0:03:35]} 46. Kd4 {[%emt
0:01:24]} Bf3 {[%emt 0:01:24]} 47. Nc1 {[%emt 0:00:16]} Bf6+ {[%emt 0:00:38]}
48. Kc4 {[%emt 0:00:44]} Kd6 {[%emt 0:01:03]} 49. Kb4 {[%emt 0:03:02]} Kc6
{[%emt 0:00:24]} 50. Ba5 {[%emt 0:03:05]} Be7+ 51. Kc4 Bc5 52. Bb4 Bd5+ 53. Kd3
Be4+ 54. Kc4 Bd5+ 55. Kd3 Be4+ 56. Kc4 Bd5+ 1/2-1/2

[Event "DEM U18 2023"]
[Site "Willingen GER"]
[Date "2023.06.03"]
[Round "9"]
[White "Neugirg, Mika"]
[Black "Großmann, Piet"]
[Result "1-0"]
[Termination "normal"]
[Board "14"]
[WhiteElo "1781"]
[BlackElo "1935"]
[WhiteClock "00:02:01"]
[BlackClock "00:29:10"]
[PlyCount "73"]
[WhiteFideId "34619160"]
[BlackFideId "16234359"]
[EventCountry "GER"]
[EventRounds "9"]
[EventType "swiss"]
[EventDate "2023.05.27"]

1. Nf3 {[%clk 01:30:58]} {[%emt 00:27:56]} d5 {[%clk 01:30:53]} {[%emt
00:00:19]} 2. g3 {[%clk 01:31:21]} {[%emt 00:00:06]} Nf6 {[%clk 01:31:18]}
{[%emt 00:00:06]} 3. Bg2 {[%clk 01:31:45]} {[%emt 00:00:05]} e6 {[%clk
01:31:44]} {[%emt 00:00:09]} 4. O-O {[%clk 01:32:07]} {[%emt 00:00:04]} Be7
{[%clk 01:32:11]} {[%emt 00:00:03]} 5. c4 {[%clk 01:32:03]} {[%emt 00:00:35]}
O-O {[%clk 01:32:35]} {[%emt 00:00:06]} 6. b3 {[%clk 01:31:51]} {[%emt
00:00:42]} d4 {[%clk 01:29:08]} {[%emt 00:03:57]} 7. e3 {[%clk 01:32:11]}
{[%emt 00:00:10]} c5 {[%clk 01:29:21]} {[%emt 00:00:17]} 8. exd4 {[%clk
01:32:34]} {[%emt 00:00:07]} cxd4 {[%clk 01:29:46]} {[%emt 00:00:05]} 9. d3
{[%clk 01:32:58]} {[%emt 00:00:06]} Nc6 {[%clk 01:29:42]} {[%emt 00:00:34]} 10.
Re1 {[%clk 01:32:30]} {[%emt 00:00:58]} Ne8 {[%clk 01:28:36]} {[%emt 00:01:35]}
11. Na3 {[%clk 01:29:14]} {[%emt 00:03:46]} f6 {[%clk 01:28:57]} {[%emt
00:00:10]} 12. Nc2 {[%clk 01:28:29]} {[%emt 00:01:15]} e5 {[%clk 01:29:22]}
{[%emt 00:00:06]} 13. a3 {[%clk 01:27:45]} {[%emt 00:01:14]} a5 {[%clk
01:29:46]} {[%emt 00:00:06]} 14. Rb1 {[%clk 01:25:06]} {[%emt 00:03:08]} Nc7
{[%clk 01:25:38]} {[%emt 00:04:38]} 15. b4 {[%clk 01:18:31]} {[%emt 00:07:05]}
axb4 {[%clk 01:23:59]} {[%emt 00:02:09]} 16. axb4 {[%clk 01:18:49]} {[%emt
00:00:12]} b5 {[%clk 01:18:00]} {[%emt 00:06:29]} 17. c5 {[%clk 00:49:56]}
{[%emt 00:29:22]} Nd5 {[%clk 01:13:43]} {[%emt 00:04:47]} 18. Bd2 {[%clk
00:48:52]} {[%emt 00:01:35]} Bf5 {[%clk 01:09:13]} {[%emt 00:05:00]} 19. Rb3
{[%clk 00:42:52]} {[%emt 00:06:30]} Qd7 {[%clk 01:05:13]} {[%emt 00:04:30]} 20.
Qb1 {[%clk 00:36:52]} {[%emt 00:06:29]} Ra4 {[%clk 01:03:12]} {[%emt 00:02:31]}
21. Ra3 {[%clk 00:34:32]} {[%emt 00:02:51]} Rfa8 {[%clk 01:03:09]} {[%emt
00:00:33]} 22. Qb3 {[%clk 00:32:34]} {[%emt 00:02:28]} Be6 {[%clk 01:03:13]}
{[%emt 00:00:26]} 23. Rxa4 {[%clk 00:30:12]} {[%emt 00:02:52]} Rxa4 {[%clk
01:01:25]} {[%emt 00:02:19]} 24. Nfxd4 {[%clk 00:24:24]} {[%emt 00:06:17]} Nxd4
{[%clk 01:00:47]} {[%emt 00:01:08]} 25. Nxd4 {[%clk 00:24:39]} {[%emt
00:00:14]} Bf7 {[%clk 00:55:17]} {[%emt 00:06:01]} 26. Nxb5 {[%clk 00:22:22]}
Nb6 {[%clk 00:54:22]} {[%emt 00:08:35]} 27. Qd1 {[%clk 00:16:18]} Qxb5 {[%clk
00:54:08]} {[%emt 00:02:54]} 28. cxb6 {[%clk 00:16:35]} Ra2 {[%clk 00:37:59]}
{[%emt 00:16:52]} 29. b7 {[%clk 00:13:48]} Bd6 {[%clk 00:37:06]} {[%emt
00:04:40]} 30. Qc1 {[%clk 00:10:30]} h5 {[%clk 00:34:31]} {[%emt 00:06:53]} 31.
Be3 {[%clk 00:08:08]} Qxb4 {[%clk 00:33:46]} {[%emt 00:04:08]} 32. Qc8+ {[%clk
00:05:16]} Kh7 {[%clk 00:34:11]} {[%emt 00:03:26]} 33. Rc1 {[%clk 00:05:20]}
Bg6 {[%clk 00:30:44]} {[%emt 00:04:23]} 34. Qc4 {[%clk 00:03:16]} Qb2 {[%clk
00:30:02]} {[%emt 00:03:46]} 35. Be4 {[%clk 00:02:07]} f5 {[%clk 00:29:59]}
{[%emt 00:02:12]} 36. Bd5 {[%clk 00:02:12]} f4 {[%clk 00:29:10]} {[%emt
00:01:44]} 37. Qxa2 {[%clk 00:02:01]} 1-0